LIBRARY ONLINE CATALOGUE

The complete guide to article writing : (Record no. 19640)

MARC details
000 -LEADER
fixed length control field 01332cam a2200385 i 4500
001 - CONTROL NUMBER
control field 18248287
003 - CONTROL NUMBER IDENTIFIER
control field OSt
005 - DATE AND TIME OF LATEST TRANSACTION
control field 20221005121555.0
008 - FIXED-LENGTH DATA ELEMENTS--GENERAL INFORMATION
fixed length control field 140731s2013 ohua b 001 0 eng d
010 ## - LIBRARY OF CONGRESS CONTROL NUMBER
LC control number 2013497173
016 7# - NATIONAL BIBLIOGRAPHIC AGENCY CONTROL NUMBER
Record control number 016542066
Source Uk
020 ## - INTERNATIONAL STANDARD BOOK NUMBER
International Standard Book Number 9781599637341 (paperback)
020 ## - INTERNATIONAL STANDARD BOOK NUMBER
International Standard Book Number 1599637341
035 ## - SYSTEM CONTROL NUMBER
System control number (OCoLC)ocn862037469
040 ## - CATALOGING SOURCE
Original cataloging agency TOH
Language of cataloging eng
Transcribing agency TOH
Description conventions rda
Modifying agency YDXCP
-- ZQP
-- BTCTA
-- UKMGB
-- BDX
-- QBX
-- NYP
-- DLC
042 ## - AUTHENTICATION CODE
Authentication code lccopycat
050 00 - LIBRARY OF CONGRESS CALL NUMBER
Classification number PN147
Item number .S24 2013
082 04 - DEWEY DECIMAL CLASSIFICATION NUMBER
Classification number 808.02
Edition number 23
100 1# - MAIN ENTRY--PERSONAL NAME
Personal name Saleh, Naveed,
245 14 - TITLE STATEMENT
Title The complete guide to article writing :
Remainder of title how to write successful articles for online and print markets /
Statement of responsibility, etc. Naveed Saleh.
246 30 - VARYING FORM OF TITLE
Title proper/short title Article writing
260 ## - PUBLICATION, DISTRIBUTION, ETC. (IMPRINT)
Place of publication, distribution, etc. Cincinnati, Ohio :
Name of publisher, distributor, etc. Writer's Digest Books,
Date of publication, distribution, etc. 2013
300 ## - PHYSICAL DESCRIPTION
Extent 297 pages :
Other physical details illustrations ;
Dimensions 23 cm
336 ## - CONTENT TYPE
Content type term text
Content type code txt
Source rdacontent
337 ## - MEDIA TYPE
Media type term unmediated
Media type code n
Source rdamedia
338 ## - CARRIER TYPE
Carrier type term volume
Carrier type code nc
Source rdacarrier
504 ## - BIBLIOGRAPHY, ETC. NOTE
Bibliography, etc Includes bibliographical references (pages 263-289) and index.
650 #0 - SUBJECT ADDED ENTRY--TOPICAL TERM
Topical term or geographic name as entry element Journalism
General subdivision Authorship.
650 #0 - SUBJECT ADDED ENTRY--TOPICAL TERM
Topical term or geographic name as entry element Online journalism
General subdivision Authorship.
650 #0 - SUBJECT ADDED ENTRY--TOPICAL TERM
Topical term or geographic name as entry element Feature writing.
650 #0 - SUBJECT ADDED ENTRY--TOPICAL TERM
Topical term or geographic name as entry element Freelance journalism.
906 ## - LOCAL DATA ELEMENT F, LDF (RLIN)
a 7
b cbc
c copycat
d 2
e ncip
f 20
g y-gencatlg
942 ## - ADDED ENTRY ELEMENTS (KOHA)
Source of classification or shelving scheme Library of Congress Classification
Koha item type General Collection
Holdings
Withdrawn status Lost status Source of classification or shelving scheme Not for loan Home library Current library Date acquired Cost, normal purchase price Inventory number Total Checkouts Full call number Barcode Date last seen Copy number Price effective from Koha item type
    Library of Congress Classification   Kabarak, Main Campus Kabarak, Main Campus 05/10/2022 4324.00 0744/2022   PN147 .S24 2013 C.1 032284 05/10/2022 C.1 05/10/2022 General Collection
    Library of Congress Classification   Kabarak, Main Campus Kabarak, Main Campus 05/10/2022 4324.00 0745/2022   PN147 .S24 2013 C.3 032287 05/10/2022 C.3 05/10/2022 General Collection
    Library of Congress Classification   Kabarak, Main Campus Kabarak, Main Campus 05/10/2022 4324.00 0746/2022   PN147 .S24 2013 C.2 032286 05/10/2022 C.2 05/10/2022 General Collection